| 000 | 01280nam a2200265Ia 4500 | ||
|---|---|---|---|
| 999 |
_c5042 _d5042 |
||
| 003 | OSt | ||
| 005 | 20200507100709.0 | ||
| 008 | 191128s1998 ck gr 000 0 spa d | ||
| 020 | _a9582403551 | ||
| 040 |
_aCO-JMCR _cCO-JMCR |
||
| 041 | 0 | _aspa | |
| 082 | 0 | 4 |
_a306.85 / _bK148r |
| 100 | 1 |
_aKaluf, Cecilia, _eautora _94047 |
|
| 245 | 1 | 0 |
_aRegreso a casa: _bLa familia y las políticas públicas / _cCecilia Kaluf, Marta Maurás |
| 250 | _aPrimera edición | ||
| 260 |
_aBogotá : _bSantillana, _c1998 |
||
| 300 |
_a251 páginas ; _c21 cm. |
||
| 490 | 0 | _aCuadernos de Debate | |
| 505 | _aEnfoque diciplinarios sobre la familia en América Latina y el Caribe -- Políticas que inciden en la familia: Chile, Colombia y Jamaica -- Aportes para las propuestas de políticas públicas sobre familia en América Latina y el Caribe | ||
| 520 | _aLa propuesta enunciada en este ensayo va en el sentido de superar la tendencia de las políticas sectoriales que consideran en forma fragmentada y parcial a los miembros de la familia- ya sean niños, mujeres, jóvenes o adultos mayores -, para asumir un enf | ||
| 650 | 1 | 4 |
_aFamilia _xEstudios de casos _94048 |
| 650 | 2 | 4 |
_aComportamiento social _xPolítica social _94049 |
| 700 | 1 |
_aMaurás, Marta, _eautora _94050 |
|
| 942 |
_2ddc _cBK |
||